Method, Competition, Conflict and Measurement in the Twentieth Century (Record no. 508969)

MARC details
000 -LEADER
fixed length control field 00781nam a2200241Ia 4500
003 - CONTROL NUMBER IDENTIFIER
control field OSt
005 - DATE AND TIME OF LATEST TRANSACTION
control field 20220925184829.0
008 - FIXED-LENGTH DATA ELEMENTS--GENERAL INFORMATION
fixed length control field 220923b |||||||| |||| 00| 0 eng d
037 ## - SOURCE OF ACQUISITION
Terms of availability General Book
040 ## - CATALOGING SOURCE
Original cataloging agency RTL
Transcribing agency RTL
Language of cataloging eng
041 ## - LANGUAGE CODE
Source of code eng
Language code of text/sound track or separate title eng
100 ## - MAIN ENTRY--PERSONAL NAME
Personal name Vaughn Karen I Ed.
9 (RLIN) 231617
245 #0 - TITLE STATEMENT
Title Method, Competition, Conflict and Measurement in the Twentieth Century
260 ## - PUBLICATION, DISTRIBUTION, ETC.
Place of publication, distribution, etc. Aldershot
Name of publisher, distributor, etc. Edward Elgar
Date of publication, distribution, etc. 1994
300 ## - PHYSICAL DESCRIPTION
Extent ix;274p
Dimensions cm.
490 ## - SERIES STATEMENT
Series statement Perspectives on the History of Economic Thought,V10. History of Economics Society Conference Papers,1992
500 ## - GENERAL NOTE
General note Bibliography chapterwise
942 ## - ADDED ENTRY ELEMENTS (KOHA)
Classification part Xv, N4
Koha item type General Books
Source of classification or shelving scheme Colon Classification (CC)

No items available.

Copyright @ Delhi University Library System